LDR 01259nam a2200253 i 4500 001 000000118965 003 CaOOAMICUS 005 20031014000000.0 008 031014s1982 it u000 u ita u 013 $a91658 040 $aSeMil$bita 100 1 $aMoscatelli, Ettore,$c
.$0(OLS)http://semarc/name/49624 245 10$aGabriele amico di Dio :$bbiografia di Fratel Gabriele Taborin fondatore dei Fratelli della Sacra Famiglia /$cEttore Moscatelli. 260 $aChieri :$bFratelli della Sacra Famiglia,$c1982. 300 $a213 p., [11] c. di tav. :$bill.; 21 cm. 500 $aContiene : Appendice ; Bibliografia. - Fondo Card. C.M. Martini. 650 4$aTaborin, Gabriele
.$0(OLS)http://semarc/subject/22236 650 4$aCongregazione dei Fratelli della Sacra Famiglia.$0(OLS)http://semarc/subject/22237 850 $aSeMil 852 $aSeMil$W1$xVenegono$y1$m3J VI 93$j74210$B74210$CSeMilBibl$Z2$F103820 $81 941 1 $a4 961 $aOmaggio: Martini Card. Carlo Maria 996 $6245$aGabriele amico di Dio :$bbiografia di Fratel Gabriele Taborin fondatore dei Fratelli della Sacra Famiglia$9(OLS)http://semarc/title/174779 996 $6260$aChieri :$bFratelli della Sacra Famiglia$9(OLS)http://semarc/publisher/45858